000 00947cam a22002652 4500
001 0000004895
005 20151217151944.0
008 070531s xx 000 0 eng d
020 _a0767423704 :
040 _aKABU
_cKABU
050 0 _aRA776
_b.C67 2002
245 1 0 _aCore concepts in health /
_c[editors] Paul M. Inset, Walton T. Roth; Kirstan Price, developmental editor.
250 _a9th ed.
260 _aBoston :
_bMcGraw-Hill,
_c2002.
300 _axxix, 698, [39] p. :
_bcol, ill. ;
_c28 cm +
_e1 computer optical disc (4 3/4 in.)
504 _aIncludes bibliographical references and index.
650 0 _aHealth
_vHandbooks, manuals etc.
_@0000155817
700 1 _aInset, Paul.
_@0000155818
700 1 _aRoth, Walton T.
_@0000150228
700 1 _aPrice, Kirsten.
_@0000155819
908 _a070531
950 _@1
999 _c6710
_d6710